Mennonite Political Theology and Feminist Critique
| Main Author: | |
|---|---|
| Format: | Print Article |
| Language: | English |
| Check availability: | HBZ Gateway |
| Interlibrary Loan: | Interlibrary Loan for the Fachinformationsdienste (Specialized Information Services in Germany) |
| Published: |
[2019]
|
| In: |
The Mennonite quarterly review
Year: 2019, Volume: 93, Issue: 3, Pages: 393-412 |
| IxTheo Classification: | FD Contextual theology KDG Free church NCD Political ethics |
| Further subjects: | B
Kroeker, P Travis
B Hiebert, Kyle Gingerich B Jantzen, Grace M, 1948-2006 B Feminist Criticism B Harder, Lydia Neufeld B Political Theology B Reimer, A James B Politics and Christianity; Mennonites |
MARC
| LEADER | 00000naa a2200000 c 4500 | ||
|---|---|---|---|
| 001 | 1685961991 | ||
| 003 | DE-627 | ||
| 005 | 20191219093415.0 | ||
| 007 | tu | ||
| 008 | 191219s2019 xx ||||| 00| ||eng c | ||
| 035 | |a (DE-627)1685961991 | ||
| 035 | |a (DE-599)KXP1685961991 | ||
| 040 | |a DE-627 |b ger |c DE-627 |e rda | ||
| 041 | |a eng | ||
| 084 | |a 1 |2 ssgn | ||
| 100 | 1 | |e VerfasserIn |0 (DE-588)1140052462 |0 (DE-627)898164443 |0 (DE-576)493609237 |4 aut |a Kennel, Maxwell |d ca. 20./21. Jahrhundert | |
| 109 | |a Kennel, Maxwell ca. 20./21. Jahrhundert | ||
| 245 | 1 | 0 | |a Mennonite Political Theology and Feminist Critique |c Maxwell Kennel |
| 264 | 1 | |c [2019] | |
| 336 | |a Text |b txt |2 rdacontent | ||
| 337 | |a ohne Hilfsmittel zu benutzen |b n |2 rdamedia | ||
| 338 | |a Band |b nc |2 rdacarrier | ||
| 601 | |a Mennoniten | ||
| 601 | |a Theologe | ||
| 601 | |a Feminist | ||
| 650 | 4 | |a Feminist Criticism | |
| 650 | 4 | |a Harder, Lydia Neufeld | |
| 650 | 4 | |a Hiebert, Kyle Gingerich | |
| 650 | 4 | |a Jantzen, Grace M, 1948-2006 | |
| 650 | 4 | |a Kroeker, P Travis | |
| 650 | 4 | |a Political Theology | |
| 650 | 4 | |a Politics and Christianity; Mennonites | |
| 650 | 4 | |a Reimer, A James | |
| 652 | |a FD:KDG:NCD | ||
| 773 | 0 | 8 | |i Enthalten in |t The Mennonite quarterly review |d Goshen, Ind. : [Verlag nicht ermittelbar], 1927 |g 93(2019), 3, Seite 393-412 |w (DE-627)129883786 |w (DE-600)300518-5 |w (DE-576)015181278 |x 0025-9373 |7 nnas |
| 773 | 1 | 8 | |g volume:93 |g year:2019 |g number:3 |g pages:393-412 |
| 951 | |a AR | ||
| ELC | |b 1 | ||
| ITA | |a 1 |t 1 | ||
| LOK | |0 000 xxxxxcx a22 zn 4500 | ||
| LOK | |0 001 3566951501 | ||
| LOK | |0 003 DE-627 | ||
| LOK | |0 004 1685961991 | ||
| LOK | |0 005 20200107131127 | ||
| LOK | |0 008 191219||||||||||||||||ger||||||| | ||
| LOK | |0 040 |a DE-Tue135 |c DE-627 |d DE-Tue135 | ||
| LOK | |0 092 |o n | ||
| LOK | |0 852 |a DE-Tue135 | ||
| LOK | |0 852 1 |9 00 | ||
| LOK | |0 935 |a ixzs |a ixzo | ||
| LOK | |0 936ln |0 1442050470 |a KDG | ||
| LOK | |0 936ln |0 1442052856 |a NCD | ||
| LOK | |0 936ln |0 1442044071 |a FD | ||
| LOK | |0 939 |a 19-12-19 |b l01 | ||
| ORI | |a SA-MARC-ixtheoa001.raw | ||